Ascendance /

When the Horde invades the seaside town where his sons live, monster-slayer Dave Hooper, with a female Russian assassin at his side, has to decide if he is going to continue to fight to save the major cities of the country or save his family.

Bibliographic Details
Main Author: Birmingham, John, 1964-
Format: Book
Language:English
Published: New York : Del Rey, 2015.
Edition:Del Rey mass market edition.
Series:Birmingham, John, 1964- Dave vs. the monsters.
Subjects:

MARC

Tag First Indicator Second Indicator Subfields
LEADER 00000cam a2200000Ii 4500
001 in00004646921
008 140910s2015 nyu 000 1 eng d
005 20230216210259.6
010 |a  2017210710 
035 |a (OCoLC)ocn890360622 
040 |a YDXCP  |b eng  |e rda  |c YDXCP  |d BTCTA  |d IEB  |d OCLCO  |d LEB  |d CGP  |d OCLCF  |d OCLCO  |d JTH  |d DLC  |d GRR  |d OCLCO  |d OCL  |d BYV  |d NZIPP  |d ZQP  |d OCL  |d OCLCO 
020 |a 9780345539915 
020 |a 0345539915 
035 |a (OCoLC)890360622 
050 4 |a PR9619.3.B5136 
082 0 4 |a 823/.914  |2 23 
084 |a FIC009060  |a FIC002000  |a FIC015000  |2 bisacsh 
100 1 |a Birmingham, John,  |d 1964- 
245 1 0 |a Ascendance /  |c John Birmingham. 
250 |a Del Rey mass market edition. 
264 1 |a New York :  |b Del Rey,  |c 2015. 
300 |a 389 pages ;  |c 20 cm. 
336 |a text  |b txt  |2 rdacontent 
337 |a unmediated  |b n  |2 rdamedia 
338 |a volume  |b nc  |2 rdacarrier 
490 1 |a Dave vs. the monsters 
520 |a When the Horde invades the seaside town where his sons live, monster-slayer Dave Hooper, with a female Russian assassin at his side, has to decide if he is going to continue to fight to save the major cities of the country or save his family. 
650 0 |a Monsters  |v Fiction. 
650 0 |a Demonology  |v Fiction. 
650 0 |a Women spies  |v Fiction. 
650 6 |a Monstres  |v Romans, nouvelles, etc. 
650 6 |a Démonologie  |v Romans, nouvelles, etc. 
650 6 |a Espionnes  |v Romans, nouvelles, etc. 
650 7 |a Demonology.  |2 fast  |0 (OCoLC)fst00890199 
650 7 |a Monsters.  |2 fast  |0 (OCoLC)fst01025752 
650 7 |a Women spies.  |2 fast  |0 (OCoLC)fst01178571 
655 7 |a Action and adventure fiction.  |2 fast  |0 (OCoLC)fst01921574 
655 7 |a Fiction.  |2 fast  |0 (OCoLC)fst01423787 
655 7 |a Adventure fiction.  |2 gsafd 
655 7 |a Action and adventure fiction.  |2 lcgft 
800 1 |a Birmingham, John,  |d 1964-  |t Dave vs. the monsters. 
938 |a YBP Library Services  |b YANK  |n 12066131 
938 |a Baker and Taylor  |b BTCP  |n BK0015630815 
029 1 |a AU@  |b 000054966600 
994 |a Z0  |b TXA 
948 |h HELD BY TXA - 104 OTHER HOLDINGS 
999 f f |s c53950c4-c5cd-43fe-a40e-d2ba3d91fddf  |i e371df7e-de3f-4842-84c5-de3f10367307  |t 0 
952 f f |p noncirc  |a Texas A&M University  |b College Station  |c Cushing Memorial Library & Archives  |d Cushing: Science Fiction (Does not check out)  |t 0  |e PR9619.3.B5136 A73 2015  |h Library of Congress classification  |i unmediated -- volume  |m A14853022383 
998 f f |a PR9619.3.B5136 A73 2015  |t 0  |l Cushing: Science Fiction (Does not check out)